00270nam a22001097a 4500003000400000020001800004082001600022100002400038245005800062260003200120300000800152SGT a9788123027951 a301.2bU18J aJOSHI, SACHIDANAND  aUNTOLD STORY OF BROADCAST DURING QUIT INDIA MOVEMENT  bPUBLICATIONS DIVISIONc2018 a163